000 00662nam a2200217 a 4500
999 _c2503
_d2503
001 2503
003 BD-JhCC
005 20171104092939.0
008 171104s1965 bg |||| ||a| 001 0 ben d
035 _a(BD-JhCC)2503
040 _aBD-JhCC
_dBD-JhCC
041 _aeng
082 _a891.4409
_bMOH 1965
100 _aমুহম্মদ, কাজী দীন
245 _aসাহিত্য-সম্ভার /
_cকাজী দীন মুহম্মদ
260 _aঢাকা :
_bনওরোজ কিতাবিস্তান,
_c1965.
300 _a204 p. :
_c22 cm.
650 _aBengali Literature
942 _2ddc
_cBK